[Event "Karlsruhe Grenke op"]
[Site "Karlsruhe"]
[Date "2024.03.28"]
[Round "1"]
[White "Ramme, Christoph"]
[Black "Nasuta, Grzegorz"]
[Result "0-1"]
[WhiteElo "2117"]
[BlackElo "2552"]
[PlyCount "118"]
[EventDate "2024.03.28"]
[EventType "swiss"]
[EventRounds "9"]
[EventCountry "GER"]
[SourceTitle "CB14_2024"]
[SourceDate "2024.04.01"]
[SourceVersion "1"]
[SourceVersionDate "2024.04.01"]
[SourceQuality "1"]

1. d4 d5 2. c4 c6 3. cxd5 cxd5 4. Nc3 Nc6 5. Nf3 e6 6. Bf4 Bd6 7. Bxd6 Qxd6 8. e3 Nge7 9. Bd3 0-0 10. 0-0 f6 11. Qb3 Bd7 12. Rad1 Kh8 13. Bb1 Be8 14. Rfe1 Bh5 15. Bd3 Rac8 16. Be2 Na5 17. Nb5 Qb6 18. Qa3 Ng6 19. Nc3 Bxf3 20. Na4 Qc6 21. Bxf3 Nc4 22. Qb4 f5 23. Be2 a5 24. Qb3 b5 25. Nc5 e5 26. Qc3 f4 27. b3 fxe3 28. fxe3 b4 29. Qc1 Nxe3 30. Qxe3 exd4 31. Qxd4 Qxc5 32. Bf3 Qxd4+ 33. Rxd4 Rc2 34. Ra1 Nf4 35. a3 g5 36. axb4 axb4 37. Rxb4 g4 38. Bxd5 Nxd5 39. Rxg4 Rb2 40. Rg3 Nf4 41. Kh1 Rg8 42. Rxg8+ Kxg8 43. Rf1 Kh8 44. g3 Nd3 45. Kg1 Kg7 46. Ra1 Ne5 47. Ra7+ Kg6 48. Ra6+ Kg5 49. Ra5 Kf5 50. h4 Ke4 51. b4 Ng4 52. Ra3 Ne3 53. b5 h5 54. b6 Rxb6 55. Kh2 Rb2+ 56. Kh3 Nf1 57. Ra4+ Kd3 58. Ra3+ Kc4 59. g4 Rh2# 0-1

[Event "Walsrode Chessemy op-A"]
[Site "Walsrode"]
[Date "2023.03.12"]
[Round "9"]
[White "Ramme, Christoph"]
[Black "Bargsten, Justus"]
[Result "0-1"]
[WhiteElo "2129"]
[BlackElo "2108"]
[PlyCount "80"]
[EventDate "2023.03.04"]
[EventType "swiss"]
[EventRounds "9"]
[EventCountry "GER"]
[SourceTitle "CBM 213 Extra"]
[Source "ChessBase"]
[SourceDate "2023.05.31"]
[SourceVersion "1"]
[SourceVersionDate "2023.05.31"]
[SourceQuality "1"]

1. c4 e5 2. g3 c6 3. d4 e4 4. Bg2 d5 5. Nc3 Nf6 6. f3 exf3 7. Nxf3 dxc4 8. 0-0 Be7 9. e4 Bg4 10. Be3 Na6 11. h3 Bh5 12. g4 Bg6 13. Ne5 Nd7 14. Nxc4 h5 15. Bf4 Nb6 16. Ne5 Bf6 17. d5 Bxe5 18. Bxe5 hxg4 19. Qxg4 Nc4 20. Bd4 c5 21. Bxg7 Rg8 22. Bf6 Qd7 23. Qe2 Nb6 24. Kh1 c4 25. b3 Qc7 26. Nb5 Qd7 27. bxc4 Nc5 28. Kh2 a6 29. Nc3 Qc7+ 30. Kh1 Ncd7 31. e5 Nxf6 32. exf6+ Kf8 33. Qe3 Rh8 34. c5 Nc4 35. Qd4 Qg3 36. Qxc4 Rxh3+ 37. Kg1 Qh2+ 38. Kf2 Bh5 39. Ne2 Re8 40. Rae1 Rf3# 0-1

[Event "Reinstorf op"]
[Site "Reinstorf"]
[Date "2022.02.04"]
[Round "7"]
[White "Ramme, Christoph"]
[Black "Lau, Felix"]
[Result "1-0"]
[WhiteElo "2140"]
[BlackElo "1927"]
[PlyCount "103"]
[EventDate "2022.01.29"]
[EventType "swiss"]
[EventRounds "9"]
[EventCountry "GER"]
[SourceTitle "CBM 206 Extra"]
[Source "ChessBase"]
[SourceDate "2022.03.31"]
[SourceVersion "1"]
[SourceVersionDate "2022.03.31"]
[SourceQuality "1"]

1. d4 d5 2. c4 e6 3. Nf3 c6 4. Qc2 Nf6 5. g3 Bd6 6. Bg2 Nbd7 7. Nbd2 e5 8. dxe5 Nxe5 9. Nxe5 Bxe5 10. Nf3 Bc7 11. 0-0 dxc4 12. Qxc4 Be6 13. Qb4 Bb6 14. Ng5 Qe7 15. Qxe7+ Kxe7 16. Nxe6 Kxe6 17. b3 Nd5 18. Bh3+ Ke7 19. Ba3+ c5 20. Rfc1 Nb4 21. Bb2 f6 22. Bg2 Rad8 23. a3 Nc6 24. Bxc6 bxc6 25. Rd1 g6 26. Kf1 Rhe8 27. e4 Ke6 28. Ke2 Bc7 29. Rxd8 Rxd8 30. Rc1 Bd6 31. Bc3 f5 32. f3 h5 33. Bd2 fxe4 34. fxe4 h4 35. gxh4 Rb8 36. Rc3 Bxh2 37. Rxc5 Rxb3 38. Rxc6+ Ke5 39. Ra6 Kxe4 40. Rxa7 Bg3 41. Ra6 Kf5 42. Bg5 Be5 43. a4 Rb4 44. Kd3 Bg3 45. Be7 Rg4 46. Ra8 Bxh4 47. Bc5 Bf6 48. a5 Ke6 49. a6 Kd5 50. a7 Ra4 51. Be3 Ra3+ 52. Ke2 1-0

[Event "Reinstorf op"]
[Site "Reinstorf"]
[Date "2022.01.29"]
[Round "1"]
[White "Nemitz, Alfred"]
[Black "Ramme, Christoph"]
[Result "0-1"]
[WhiteElo "1655"]
[BlackElo "2140"]
[PlyCount "114"]
[EventDate "2022.01.29"]
[EventType "swiss"]
[EventRounds "9"]
[EventCountry "GER"]
[SourceTitle "CBM 206 Extra"]
[Source "ChessBase"]
[SourceDate "2022.03.31"]
[SourceVersion "1"]
[SourceVersionDate "2022.03.31"]
[SourceQuality "1"]

1. d4 Nf6 2. c4 e6 3. Nc3 Bb4 4. Qc2 0-0 5. Nf3 d5 6. cxd5 exd5 7. Bg5 Nbd7 8. e3 c5 9. a3 Qa5 10. Rc1 Bxc3+ 11. Qxc3 Qxc3+ 12. bxc3 c4 13. Be2 Ne4 14. Bf4 Re8 15. Nd2 Nxd2 16. Kxd2 Nf6 17. f3 b5 18. g4 Bb7 19. h4 Nd7 20. Bd1 Re6 21. Bc2 Nf8 22. Rhe1 Rae8 23. Rb1 Bc6 24. Bf5 R6e7 25. Bd6 Rb7 26. e4 dxe4 27. Bxe4 Bxe4 28. fxe4 a6 29. a4 Re6 30. Bg3 Rg6 31. g5 h6 32. Bf4 hxg5 33. Bxg5 f6 34. Be3 Rg2+ 35. Re2 Rg3 36. axb5 axb5 37. Bf2 Rd3+ 38. Kc2 Rh3 39. e5 fxe5 40. dxe5 Ne6 41. Rd2 Nf4 42. Rbd1 Nd3 43. Rxd3 cxd3+ 44. Rxd3 Rh2 45. Rd2 Rf7 46. Be3 Rxd2+ 47. Kxd2 Re7 48. Bf4 Kf7 49. Kd3 Ke6 50. Kd4 Rc7 51. Bg3 Rc4+ 52. Kd3 Rg4 53. Bf2 g6 54. Ke3 Kxe5 55. Kf3 Rf4+ 56. Ke3 Rc4 57. Kd3 Kf4 0-1

[Event "Lueneburg op-A"]
[Site "Lueneburg"]
[Date "2019.08.07"]
[Round "5"]
[White "Jurkic, Bosiljko"]
[Black "Ramme, Christoph"]
[Result "1/2-1/2"]
[WhiteElo "2046"]
[BlackElo "2154"]
[PlyCount "41"]
[EventDate "2019.08.03"]
[EventType "swiss"]
[EventRounds "9"]
[EventCountry "GER"]
[SourceTitle "CBM 191 Extra"]
[Source "ChessBase"]
[SourceDate "2019.09.30"]
[SourceVersion "1"]
[SourceVersionDate "2019.09.30"]
[SourceQuality "1"]

1. b3 d5 2. Bb2 c5 3. e3 a6 4. Nf3 Nc6 5. d4 Nf6 6. c4 e6 7. Nc3 cxd4 8. Nxd4 Bd6 9. Be2 Nxd4 10. Qxd4 e5 11. Qh4 dxc4 12. bxc4 Bd7 13. 0-0 Bc6 14. Rfd1 Qe7 15. Qg3 0-0 16. Nd5 Bxd5 17. cxd5 Rfd8 18. Qf3 h6 19. e4 Rac8 20. Rac1 Qe8 21. Qf5 1/2-1/2

[Event "Lueneburg op-A"]
[Site "Lueneburg"]
[Date "2018.07.13"]
[Round "9"]
[White "Karpatchev, Aleksandr"]
[Black "Ramme, Christoph"]
[Result "1-0"]
[WhiteElo "2469"]
[BlackElo "2158"]
[PlyCount "103"]
[EventDate "2018.07.06"]
[EventType "swiss"]
[EventRounds "9"]
[EventCountry "GER"]
[SourceTitle "CBM 185 Extra"]
[Source "ChessBase"]
[SourceDate "2018.07.29"]
[SourceVersion "1"]
[SourceVersionDate "2018.07.29"]
[SourceQuality "1"]

1. e4 c5 2. c3 Nf6 3. e5 Nd5 4. Nf3 d6 5. Bc4 dxe5 6. Nxe5 e6 7. d4 Be7 8. 0-0 0-0 9. Bb3 Nd7 10. Qe2 cxd4 11. cxd4 f5 12. Nf3 N7b6 13. Nc3 Bf6 14. Re1 Re8 15. Bd2 Bd7 16. Ne5 Bc6 17. Rac1 Qd6 18. Nb5 Bxb5 19. Qxb5 Rec8 20. Nf3 h6 21. g3 a6 22. Rxc8+ Rxc8 23. Qe2 Rc6 24. g4 fxg4 25. Ne5 Bxe5 26. dxe5 Qd7 27. Qxg4 Kh8 28. a4 Qc8 29. Qh5 Qf8 30. Re4 Ne7 31. Rf4 Qd8 32. Qd1 Nbd5 33. Rg4 Qf8 34. Bc2 Qf7 35. a5 Rc8 36. Bd3 Rf8 37. Qe2 Qf3 38. Qxf3 Rxf3 39. Rg3 Rf8 40. Be4 Rc8 41. Rb3 Rc7 42. h4 Nc6 43. f4 Nd4 44. Rd3 Rc4 45. Bxd5 exd5 46. b3 Ne2+ 47. Kf1 Nc1 48. bxc4 Nxd3 49. cxd5 Kg8 50. Ke2 Nb2 51. h5 Kf7 52. e6+ 1-0

[Event "Lueneburg op-A"]
[Site "Lueneburg"]
[Date "2018.07.09"]
[Round "5"]
[White "Ramme, Christoph"]
[Black "Thorsbro, Peter"]
[Result "1-0"]
[WhiteElo "2158"]
[BlackElo "2116"]
[PlyCount "51"]
[EventDate "2018.07.06"]
[EventType "swiss"]
[EventRounds "9"]
[EventCountry "GER"]
[SourceTitle "CBM 185 Extra"]
[Source "ChessBase"]
[SourceDate "2018.07.29"]
[SourceVersion "1"]
[SourceVersionDate "2018.07.29"]
[SourceQuality "1"]

1. d4 d5 2. Nf3 c6 3. c4 Nf6 4. e3 e6 5. Nc3 Nbd7 6. Bd3 Bd6 7. 0-0 0-0 8. e4 dxe4 9. Nxe4 Nxe4 10. Bxe4 Nf6 11. Bc2 c5 12. Bg5 cxd4 13. Qxd4 Be7 14. Qh4 h6 15. Bxh6 gxh6 16. Qxh6 Bc5 17. Rae1 Bd4 18. Qg5+ Kh8 19. Qh4+ Kg8 20. Nxd4 Re8 21. Qg5+ Kf8 22. Qh6+ Ke7 23. Nf5+ Kd7 24. Rd1+ Nd5 25. Rxd5+ exd5 26. Qd6# 1-0

[Event "Oberliga Nord N 1718"]
[Site "Germany"]
[Date "2018.04.15"]
[Round "9.4"]
[White "Junge, Kai"]
[Black "Ramme, Christoph"]
[Result "1/2-1/2"]
[WhiteElo "2215"]
[BlackElo "2152"]
[PlyCount "32"]
[EventDate "2017.10.08"]
[EventType "team-tourn"]
[EventRounds "9"]
[EventCountry "GER"]
[SourceTitle "EXT 2019"]
[Source "ChessBase"]
[SourceDate "2018.10.10"]
[SourceVersion "1"]
[SourceVersionDate "2018.10.10"]
[SourceQuality "1"]
[WhiteTeam "Preetz"]
[BlackTeam "Marmstorf"]
[WhiteTeamCountry "GER"]
[BlackTeamCountry "GER"]

1. Nf3 d5 2. g3 Nc6 3. c4 d4 4. Bg2 e5 5. d3 Bb4+ 6. Nbd2 a5 7. a3 Be7 8. Rb1 Nf6 9. 0-0 Nd7 10. e3 0-0 11. exd4 exd4 12. Re1 Nc5 13. Ne4 Ne6 14. Ned2 Nc5 15. Ne4 Ne6 16. Ned2 Nc5 1/2-1/2

[Event "Oberliga Nord N 1718"]
[Site "Germany"]
[Date "2018.01.21"]
[Round "5.4"]
[White "Ramme, Christoph"]
[Black "Dettmann, Steffen"]
[Result "1/2-1/2"]
[WhiteElo "2152"]
[BlackElo "2217"]
[PlyCount "30"]
[EventDate "2017.10.08"]
[EventType "team-tourn"]
[EventRounds "9"]
[EventCountry "GER"]
[SourceTitle "EXT 2019"]
[Source "ChessBase"]
[SourceDate "2018.10.10"]
[SourceVersion "1"]
[SourceVersionDate "2018.10.10"]
[SourceQuality "1"]
[WhiteTeam "Marmstorf"]
[BlackTeam "Hamburg Koenigsspringer"]
[WhiteTeamCountry "GER"]
[BlackTeamCountry "GER"]

1. d4 d5 2. Nf3 Nf6 3. c4 e6 4. g3 Be7 5. Bg2 0-0 6. 0-0 dxc4 7. Ne5 Nc6 8. Bxc6 bxc6 9. Nxc6 Qe8 10. Nxe7+ Qxe7 11. Qc2 e5 12. dxe5 Qxe5 13. Qxc4 Be6 14. Qc2 Bf5 15. Qc4 Be6 1/2-1/2

[Event "Harburg-chA 12th"]
[Site "Hamburg"]
[Date "2017.08.06"]
[Round "5"]
[White "Franke, Lutz"]
[Black "Ramme, Christoph"]
[Result "1/2-1/2"]
[WhiteElo "2071"]
[BlackElo "2116"]
[PlyCount "53"]
[EventDate "2017.08.06"]
[EventType "tourn"]
[EventRounds "5"]
[EventCountry "GER"]
[SourceTitle "CBM 180 Extra"]
[Source "ChessBase"]
[SourceDate "2017.10.06"]
[SourceVersion "1"]
[SourceVersionDate "2017.10.06"]
[SourceQuality "1"]

1. Nf3 Nf6 2. c4 e6 3. Nc3 d5 4. d4 dxc4 5. e3 a6 6. Bxc4 b5 7. Bb3 Bb7 8. 0-0 Nbd7 9. Qe2 c5 10. dxc5 Nxc5 11. Bc2 Be7 12. Rd1 Qc7 13. Bd2 Rd8 14. Rac1 Qb8 15. Be1 0-0 16. Nb1 Nce4 17. Nbd2 Qa8 18. Nxe4 Nxe4 19. Ba5 Rxd1+ 20. Bxd1 Bf6 21. Ne1 Rc8 22. Rxc8+ Qxc8 23. Nd3 Nd6 24. f3 Nc4 25. Be1 Qc7 26. b3 Ne5 27. Qc2 1/2-1/2

[Event "Lueneburg op-A"]
[Site "Lueneburg"]
[Date "2017.07.12"]
[Round "5"]
[White "Kollars, Dmitrij"]
[Black "Ramme, Christoph"]
[Result "1-0"]
[WhiteElo "2510"]
[BlackElo "2163"]
[PlyCount "119"]
[EventDate "2017.07.08"]
[EventType "swiss"]
[EventRounds "9"]
[EventCountry "GER"]
[SourceTitle "CBM 179 Extra"]
[Source "ChessBase"]
[SourceDate "2017.08.23"]
[SourceVersion "1"]
[SourceVersionDate "2017.08.23"]
[SourceQuality "1"]

1. e4 e5 2. Nf3 Nc6 3. Bb5 a6 4. Ba4 Nf6 5. 0-0 Be7 6. d3 b5 7. Bb3 d6 8. a3 0-0 9. Nc3 Na5 10. Ba2 c5 11. b4 cxb4 12. axb4 Nc6 13. Nd5 Bb7 14. Be3 Nxd5 15. Bxd5 Qc7 16. Qd2 Bf6 17. h3 Nd4 18. Bxd4 Bxd5 19. exd5 exd4 20. Ra2 Qb7 21. Rfa1 h6 22. Qf4 Qxd5 23. Rxa6 Be5 24. Qc1 Rac8 25. Qb2 Rc3 26. Qa2 Qb7 27. Ra8 Rcc8 28. Rxc8 Rxc8 29. Qb2 Rc3 30. Ra2 Qc6 31. Nd2 Qb7 32. Qa1 Rc8 33. Nf3 Qd5 34. Qb2 Ra8 35. Ra5 Bf6 36. Qb3 Qc6 37. Qa2 Rc8 38. Ra7 Qxc2 39. Qxf7+ Kh8 40. Qb7 Qc1+ 41. Kh2 Qf4+ 42. g3 Qf5 43. g4 Qe6 44. Qxb5 Qe2 45. Kg2 Be5 46. Nxe5 dxe5 47. Qd7 Rg8 48. Qf5 Re8 49. Qg6 Rg8 50. b5 Qb2 51. b6 e4 52. dxe4 d3 53. Qd6 d2 54. Rd7 d1Q 55. Qxd1 Qxb6 56. Qd4 Qg6 57. Rd8 Rxd8 58. Qxd8+ Kh7 59. Qd5 Qa6 60. Qf5+ 1-0

[Event "Oberliga Nord N 1617"]
[Site "Germany"]
[Date "2017.02.05"]
[Round "5.4"]
[White "Schmidt, Harald"]
[Black "Ramme, Christoph"]
[Result "1/2-1/2"]
[WhiteElo "2354"]
[BlackElo "2146"]
[PlyCount "114"]
[EventDate "2016.10.16"]
[EventType "team-tourn"]
[EventRounds "9"]
[EventCountry "GER"]
[SourceTitle "EXT 2018"]
[Source "ChessBase"]
[SourceDate "2017.10.13"]
[SourceVersion "1"]
[SourceVersionDate "2017.10.13"]
[SourceQuality "1"]
[WhiteTeam "Luebeck"]
[BlackTeam "Marmstorf"]
[WhiteTeamCountry "GER"]
[BlackTeamCountry "GER"]

1. c4 Nf6 2. Nf3 e6 3. g3 d5 4. Bg2 Be7 5. 0-0 0-0 6. d4 dxc4 7. Qc2 a6 8. Qxc4 b5 9. Qc2 Bb7 10. Rd1 Nbd7 11. Ne5 Bxg2 12. Kxg2 Nxe5 13. dxe5 Nd7 14. Bf4 c5 15. Nd2 Qc7 16. Nf3 Rfd8 17. h4 Nf8 18. h5 Rxd1 19. Rxd1 Rd8 20. Rh1 Qc6 21. Qc1 Qe4 22. Bg5 Bxg5 23. Qxg5 Rd5 24. h6 Ng6 25. hxg7 Nxe5 26. Qf6 Nxf3 27. exf3 Qf5 28. Qe7 Kxg7 29. Rh4 Rd4 30. g4 Qc2 31. Qg5+ Qg6 32. Qxc5 Rd5 33. Qc3+ Kg8 34. Qc8+ Kg7 35. Qxa6 Qf6 36. Rh1 Qxb2 37. Qa7 Qd4 38. Qe7 Qe5 39. Qh4 h5 40. Rh3 Rd2 41. gxh5 Kh7 42. a3 Qd4 43. Qg3 Qg7 44. Rh4 Qxg3+ 45. Kxg3 Ra2 46. Rf4 Kg7 47. h6+ Kxh6 48. Rxf7 Kg6 49. Rb7 Rxa3 50. Rxb5 Ra4 51. Rb8 Kf6 52. Rf8+ Kg6 53. f4 Ra1 54. Kf3 Re1 55. Ra8 Kf6 56. Ra5 Rb1 57. Rh5 Kg6 1/2-1/2

[Event "Oberliga Nord N 1617"]
[Site "Germany"]
[Date "2016.10.16"]
[Round "1.4"]
[White "Schulenburg, Torben"]
[Black "Ramme, Christoph"]
[Result "1/2-1/2"]
[WhiteElo "2141"]
[BlackElo "2146"]
[PlyCount "45"]
[EventDate "2016.10.16"]
[EventType "team-tourn"]
[EventRounds "9"]
[EventCountry "GER"]
[SourceTitle "EXT 2018"]
[Source "ChessBase"]
[SourceDate "2017.10.13"]
[SourceVersion "1"]
[SourceVersionDate "2017.10.13"]
[SourceQuality "1"]
[WhiteTeam "Hamburg Diogenes"]
[BlackTeam "Marmstorf"]
[WhiteTeamCountry "GER"]
[BlackTeamCountry "GER"]

1. d4 Nf6 2. c4 e6 3. g3 d5 4. Nf3 Be7 5. Bg2 0-0 6. 0-0 dxc4 7. Ne5 Nc6 8. Bxc6 bxc6 9. Qa4 Qxd4 10. Nxc6 Qd7 11. Nxe7+ Qxe7 12. Qxc4 Qd6 13. Nc3 Ba6 14. Qa4 Nd5 15. Bf4 Nxf4 16. Qxf4 Rab8 17. Qc1 Qc6 18. Rd1 Rfd8 19. Qe3 Qb6 20. Qxb6 cxb6 21. Kf1 Kf8 22. Ke1 Ke7 23. Rac1 1/2-1/2